000 00481nam a2200133Ia 4500
008 220217s9999 xx 000 0 und d
245 0 _aBritish Standards: Methods of test for elastomeric threads. Part 1. Rubber threads. (ISO title: Rubber threads- Methods of test)
260 _aLondon
260 _c11976-1975
_bBritish Standards Institution
490 _aBritish Standards
500 _aStandard number: BS 5421: Part 1 ISO 2321
650 _aElastomeric threads
942 _cST
999 _c73123
_d73123